Statistics for Famous female writers, artists, scientists, & politicians

Click here to take the quiz!

General Stats

  • This quiz has been taken 62 times
  • The average score is 13 of 20

Answer Stats

Hint Answer % Correct
LiteratureHarry PotterJ.K. Rowling
100%
PoliticsIron LadyMargaret Thatcher
90%
The ArtsFrench Fashion DesignerCoco Chanel
85%
The ArtsQueen of SoulAretha Franklin
83%
PoliticsFirst African American First LadyMichelle Obama
83%
LiteratureHercule PoirotAgatha Christie
81%
LiteratureWuthering HeightsEmily Brontë
81%
LiteratureTo kill a mockingbirdHarper Lee
73%
ScienceNurse in CrimeaFlorence Nightingale
73%
ScienceNobel Prize winner SkłodowskaMarie Curie
60%
The ArtsA virgin?Madonna
60%
The ArtsPainter of self and Diego RiveraFrida Kahlo
60%
PoliticsIsraeli Prime MinisterGolda Meir
56%
ScienceChimpanzeesJane Goodall
56%
The ArtsQueen of JazzElla Fitzgerald
48%
PoliticsRussian Punk bandPussy Riot
46%
PoliticsHomosexual activist/entertainerEllen DeGeneres
44%
ScienceMountain gorillasDian Fossey
40%
LiteraturePippi LongstockingAstrid Lindgren
23%
ScienceRear Admiral "Amazing Grace "Grace Hopper
10%

Score Distribution

Percentile by Number Answered

Percent of People with Each Score

Your Score History

You have not taken this quiz